|
|
|
|
| LEADER |
01279nam a2200337Ia 4500 |
| 001 |
EBC348630 |
| 003 |
MiAaPQ |
| 005 |
20200520144314.0 |
| 006 |
m o d | |
| 007 |
cr cn||||||||| |
| 008 |
001024s2008 enk s 000 0 eng d |
| 020 |
|
|
|z 9781846638183
|
| 020 |
|
|
|a 9781846638190 (electronic bk.)
|
| 035 |
|
|
|a (MiAaPQ)EBC348630
|
| 035 |
|
|
|a (Au-PeEL)EBL348630
|
| 035 |
|
|
|a (CaPaEBR)ebr10229703
|
| 035 |
|
|
|a (OCoLC)243603795
|
| 040 |
|
|
|a MiAaPQ
|c MiAaPQ
|d MiAaPQ
|
| 050 |
|
4 |
|a HF1111
|b .E97 2008
|
| 245 |
0 |
0 |
|a European business review.
|n Volume 20, Number 2,
|p Business schools or schools for scholars
|h [electronic resource] /
|c guest editors: Greg Wood and Goran Svensson.
|
| 260 |
|
|
|a Bradford, England :
|b Emerald Group Pub.,
|c 2008.
|
| 300 |
|
|
|a 177 p.
|
| 490 |
0 |
|
|a European business review ;
|v v. 20, no. 2
|
| 533 |
|
|
|a Electronic reproduction. Ann Arbor, MI : ProQuest, 2015. Available via World Wide Web. Access may be limited to ProQuest affiliated libraries.
|
| 650 |
|
0 |
|a Business schools.
|
| 650 |
|
0 |
|a Business education.
|
| 655 |
|
4 |
|a Electronic books.
|
| 700 |
1 |
|
|a Wood, Greg.
|
| 700 |
1 |
|
|a Svensson, Goran.
|
| 710 |
2 |
|
|a ProQuest (Firm)
|
| 856 |
4 |
0 |
|u https://ebookcentral.proquest.com/lib/matrademy/detail.action?docID=348630
|z Click to View
|